El rodado regio hispánico : Fernando III de León y Castilla (1230-1252) /

Bibliographic Details
Main Authors: Galende Díaz, Juan Carlos, 1960- (Author), Ávila Seoane, Nicolás (Author)
Format: Electronic eBook
Language:Spanish
Published: Madrid : Universidad Francisco de Vitoria, UFV Madrid, Editorial, 2020.
Edition:Primera edición.
Series:Colección Foro hispanoamericano.
Subjects:
Online Access:Digitalia Hispánica

MARC

LEADER 00000nam a2200000Ii 4500
001 DIGEDUFV0044
003 NyNyDIG
006 m o d
007 cr |||||||||||
008 220615s2020 sp ob 000 0 spa d
035 |a (OCoLC)1335136335 
040 |a DGITA  |b eng  |e rda  |e pn  |c DGITA 
020 |a 9788418360442  |q edición digital 
020 |z 9788418360435  |q edición impresa 
043 |a e-sp--- 
050 1 4 |a CD6085 ebook 
100 1 |a Galende Díaz, Juan Carlos,  |d 1960-  |e author. 
245 1 3 |a El rodado regio hispánico :  |b Fernando III de León y Castilla (1230-1252) /  |c Juan Carlos Galende Díaz, Nicolás Ávila Seoane. 
246 3 0 |a Fernando III de León y Castilla (1230-1252) 
250 |a Primera edición. 
264 1 |a Madrid :  |b Universidad Francisco de Vitoria, UFV Madrid, Editorial,  |c 2020. 
300 |a 1 online resource :  |b illustrations. 
336 |a text  |b txt  |2 rdacontent 
337 |a computer  |b c  |2 rdamedia 
338 |a online resource  |b cr  |2 rdacarrier 
347 |a text file  |2 rdaft 
347 |b PDF 
490 1 |a Colección Foro hispanoamericano 
504 |a Includes bibliographical references. 
588 0 |a Online resource; title from PDF title page (Digitalia, viewed June 15, 2022) 
600 0 0 |a Fernando  |b III,  |c King of Castile and Leon,  |d 1199?-1252  |x Seal. 
650 0 |a Seals (Numismatics)  |z Spain  |x History  |y To 1500. 
655 0 |a Electronic books. 
700 1 |a Ávila Seoane, Nicolás,  |e author. 
791 2 |a Digitalia (Firm),  |e distributor. 
793 0 |g Digitalia eBook Collection:  |a Editorial Universidad Francisco de Vitoria 
776 0 8 |i Print version:  |a Galende Díaz, Juan Carlos, 1960-  |t Rodado regio hispánico.  |b Primera edición.  |d Madrid : Universidad Francisco de Vitoria, UFV Madrid, Editorial, 2020  |z 9788418360435 
830 0 |a Colección Foro hispanoamericano. 
856 4 0 |3 Digitalia Hispánica  |u https://www.digitaliapublishing.com/a/104118/ 
910 |a Premium collection: 2022